000 01306cam a2200361 a 4500
001 13051620
003 OSt
005 20140310182647.0
008 030108s2003 mau b 001 0 eng
010 _a 2003100205
020 _a0738208175
040 _aDLC
_cDLC
_dDLC
050 0 0 _aBF 637
_b.B472 1989
082 0 0 _aM 158.4
_bB43 1989
100 1 _aBennis, Warren G.
245 1 0 _aOn becoming a leader
_cBennis, Warren
250 _a[Rev. ed.]
260 _aCambridge, MA
_bPerseus Pub.
_cc1989
300 _a218 p.
_c22 cm.
500 _a"Updated and expanded, with a new introduction"--Cover.
504 _aIncludes bibliographical references (p. 209-212) and index.
521 _aHigh School to College students
526 _c0L to 1700L
541 _j1
562 _e1
650 0 _aLeadership.
650 0 _aLeadership
_vCase studies.
856 4 2 _3Contributor biographical information
_uhttp://www.loc.gov/catdir/enhancements/fy0830/2003100205-b.html
856 4 2 _3Publisher description
_uhttp://www.loc.gov/catdir/enhancements/fy0830/2003100205-d.html
906 _a7
_bcbc
_corignew
_d2
_eepcn
_f20
_gy-gencatlg
942 _2lcc
_cBK
_kM
999 _c15064
_d15064